| 000 | 00385nam a22001337a 4500 | ||
|---|---|---|---|
| 999 |
_c7744 _d7744 |
||
| 008 | 190320b ||||| |||| 00| 0 eng d | ||
| 020 | _a9781463543679 | ||
| 082 | _a519.7 S95L 2012 | ||
| 100 | _aSultan, Alan | ||
| 245 |
_aLinear programming : _ban introduction with applications |
||
| 260 |
_aNew York : _b Academic Press, _c2012. |
||
| 300 |
_a651 p : _bill. ; _c24 cm. |
||
| 942 | _2ddc | ||